000 00526nam a22001697a 4500
999 _c188403
_d188403
005 20220520123302.0
010 _aENG-132735
020 _a978-81-904845-8-9
_c695.00
035 _aEN-116267
037 _bDBAD/PUB
082 _a370.9
245 _aComparative Education & Curriculum Development/
_cKanwaljeet Kaur
260 _aDaryaganj
_bGaurav Book Centre
_c2010
270 _a4832/24,Prahlad Gali,S-204, Ansari Road
_bNew Delhi
_e110002
300 _a243p.
_c22cm(hbk)
942 _2ddc
_cEN
_h370.9
_mKAN